Fiškálna udržateľnosť v pandemickom a post pandemickom období diplomová práca

Salvato in:
Dettagli Bibliografici
Autore principale: Sušienka, Peter
Ente Autore: Národohospodárska fakulta EU. Katedra financií
Altri autori: Ochotnický, Pavol
Natura: Libro
Lingua:slovacco
Pubblicazione: Bratislava 2023
Tags: Aggiungi Tag
Nessun Tag, puoi essere il primo ad aggiungerne!!

MARC

LEADER 00000nbm a2200000 4500
001 0292989
005 20231107144735.4
041 0 |a slo 
044 |a SK 
245 1 0 |a Fiškálna udržateľnosť v pandemickom a post pandemickom období  |b diplomová práca  |c Peter Sušienka ; školiteľ: Pavol Ochotnický 
264 1 |a Bratislava  |c 2023 
300 |a 51 s. 
100 1 |a Sušienka, Peter 
700 1 |a Ochotnický, Pavol 
710 2 |a Národohospodárska fakulta EU. Katedra financií